Post war and contemporary art day sale (Registro nro. 324121)

Detalles MARC
000 -ENCABEZADO
Número de control [NR] 00772nam a22001937a 4500
005 - FECHA Y HORA DE LA ÚLTIMA TRANSACCIÓN
control field 20240424143537.0
008 - DE LONGITUD FIJA DE DATOS DE ELEMENTOS - INFORMACIÓN GENERAL
Elementos de longitud fija [NR] 240424b ||||| |||| 00| 0 eng d
040 ## - FUENTE DE CATALOGACION [NR]
Agencia de catalogación original [NR] CO-BoUCM
Quien Cataloga David Moreno
Quien Clasifica David Moreno
041 ## - CODIGO DE IDIOMA [R]
Código de idioma para texto/pista de sonido o título separado [R] Inglés
245 10 - MENCION DE TITULO [NR]
Título [NR] Post war and contemporary art day sale
Parte restante del título [NR] Wednesday 12 november 2014 at 6:30 PM
Mención de responsabilidad, etc. [NR] Christie, Manson & Woods
260 ## - PUBLICACION, DISTRIBUCION, ETC. (PIE DE IMPRENTA) [R]
Lugar de publicación, distribución, etc. [R] New york
Nombre del editor, distribuidor, etc. [R] Christie's
Fecha de publicación, distribución, etc. [R] 2014
300 ## - DESCRIPCION FISICA [R]
Extensión [R] 567 Paginas
Otros detalles físicos [NR] ilustraciones a color, fotos
504 ## - NOTA DE BIBLIOGRAFIA, ETC. [R]
Nota de bibliografía, etc. [NR] Incluye referencias bibliográficas e índices
650 14 - ASIENTO SECUNDARIO DE MATERIA - TERMINO TEMATICO [R]
Término temático o nombre geográfico como elemento de entrada [NR] Subastas
Subdivisión general [R] Arte, moderno
Subdivisión cronológica [R] 1900-2099
9 (RLIN) 180533
650 14 - ASIENTO SECUNDARIO DE MATERIA - TERMINO TEMATICO [R]
Término temático o nombre geográfico como elemento de entrada [NR] Catálogos de arte
Subdivisión cronológica [R] siglo XX
-- siglo XXI
9 (RLIN) 180534
710 1# - ASIENTO SECUNDARIO - NOMBRE CORPORATIVO [R]
Nombre corporativo o de jurisdicción como elemento de entrada [NR] Christie, Manson & Woods
9 (RLIN) 180535
942 ## - ELEMENTOS DE ENTRADA AGREGADOS (KOHA)
Sistema de clasificación DEWEY
Tema principal Arte
Tipo de ítem principal el descrito en 300a Libro
Edición 1
Clasificación 700.2
Parte restante de la signatura top. C555p
Título oculto en OPAC No
Existencias
Fecha de último préstamo Total préstamos Signatura topográfica Código de barras Última vez visto Ejemplar Costo de reposición Price effective from Tipo de ítem Perdido Sistema de clasificación Dañado No prestable Tipo de ítem específico Suprimido Ubicación habitual Ubicación actual Localización Fecha de creación Forma de adquisición
10/10/2025 1 700.2 C555p 100172483 06/12/2025 Ej.1 26000.00 24/04/2024 Libro   DEWEY     Libro   Claustro Claustro 2do piso 24/04/2024 Donación